Statistiken für Teams nach Colleges der Spieler

Klicken Sie hier um das Quiz zu spielen!

Allgemein

  • Dieses Quiz wurde 24 mal gespielt
  • Das Durchschnittsergebnis liegt bei 15 aus 32

Antwortstatistiken

HintAntwort% Korrekt
NorthwesternKentuckyTexas A&MBrowns
81%
NC StateFSUOregonDolphins
71%
Boise StatePenn StAlabamaCowboys
67%
AuburnPittCincinnatiJets
67%
PurdueOregonLen-RhynePatriots
67%
GeorgiaLouisvilleMarylandPackers
57%
Wake ForestOhio StPittRams
57%
AlabamaSan Diego StWisconsinSteelers
57%
NebraskaMichiganWyomingBengals
52%
HoustonIowaMiamiBills
52%
ClemsonUCFMiamiFalcons
52%
YaleKentuckySyracuseJaguars
52%
South CarolinaWashington StAuburnPanthers
52%
LSUWashingtonTulsaCardinals
48%
Virginia TechArkansasMississippi StCommanders
48%
TennesseeFloridaOhio StSaints
48%
Virginia TechAlabamaPenn StBears
43%
PittColorado StNebraskaBuccaneers
43%
MarylandOhio StBuffaloChargers
43%
Texas A&MPenn StSamfordRavens
43%
AlabamaNorthern IllinoisBaylorTexans
43%
Louisiana TechMiss StWashingtonChiefs
38%
MichiganUtahTarletonColts
38%
Mississippi StSamfordMississippi StEagles
38%
StanfordClemsonUSCGiants
38%
Texas TechUSCTexasSeahawks
38%
MichiganIowaBoston CollegeBroncos
33%
Oklahoma StTennesseeArkansasLions
33%
Notre DameVirginia TechIllinoisRaiders
33%
Middle TennesseeFlorida InternationalAuburnTitans
33%
Notre DameOklahomaUTSAVikings
33%
South Carolina StArkansasUSC49ers
29%

Verteilung der Resultate

Perzentil nach korrekt beantworteten Fragen

Anzahl Personen mit jedem Resultat

Ihre Resultats-Entwicklung

Sie haben dieses Quiz noch nicht gespielt